| 000 | 00660nam a2200217 a 4500 | ||
|---|---|---|---|
| 999 |
_c2762 _d2762 |
||
| 001 | 2762 | ||
| 003 | BD-JhCC | ||
| 005 | 20171106182438.0 | ||
| 008 | 171106s1375 bg a|||| |||| 000 0 ben d | ||
| 035 | _a(BD-JhCC)2762 | ||
| 040 |
_aBD-JhCC _dBD-JhCC |
||
| 041 | _aben | ||
| 082 |
_a891.443 _bRAH 1375 |
||
| 100 | _aরহমান, আতোয়ার | ||
| 245 |
_aরাজকন্যে কঙ্কাবতী / _cআতোয়ার রহমান. |
||
| 260 |
_aঢাকা : _bআহমদ পাবলিশিং হাউস, _c1375. |
||
| 300 |
_a90 p. : _bill., _c20 cm. |
||
| 650 | _aBengali Novel | ||
| 942 |
_2ddc _cBK |
||